000
00258nam a22001097a 4500
008
170125b xxu||||| |||| 00| 0 eng d
020
_a
07071133X
041
_a
eng
080
_2
7TH
_a
61
245
_a
PRINCIPLES OF INTERNAL MEDICINE
_c
WINTROBE
942
_2
udc
_c
BK
999
_c
3668
_d
3668